The Tokyo Quiz - Statistics

General Stats
  • This quiz has been taken 338 times
  • The average score is 9 of 17
Answer Stats
Hint Answer % Correct
This mountain - Japan's tallest - can be seen sometimes from Tokyo Fujiama
88%
Japan's capital before Tokyo Kyoto
84%
Island it is seated on Honshu
76%
This monster destroyed Tokyo in 1954 Godzilla
75%
Former Name Edo
73%
1923 disaster that killed 70,000 people Great Kanto Earthquake
66%
Narita
65%
Mickey Mouse Theme park (actually in Chiba) Tokyo Disney Resort
62%
International airports Haneda
61%
Second tallest building in the world Tokyo Skytree
52%
One of the 23 special wards and shopping/fashion center Shibuya
50%
Shrine named after the emperor under whom Japan became industrialized Meiji Shrine
47%
This Shogun made Tokyo his capital in 1603 Tokugawa Ieyasu
41%
Sofia Coppola movie starring Bill Murray Lost in Translation
40%
Demonym (name for the residents) Tokyoite
30%
German pop band named after Tokyo Tokio Hotel
21%
1953 Ozu film about an elderly couple who visit their children in the big city Tokyo Story
12%
No matching quizzes found
Score Distribution
Percent of People with Each Score
Percentile by Number Answered
Your Score History
You have not taken this quiz